Statistics for Countries That Produce The Most Garlic

Click here to take the quiz!

General Stats

  • This quiz has been taken 116 times
  • The average score is 7 of 10

Answer Stats

% Of Total ProducedCountry% Correct
69.7%China
97%
0.79%Italy
91%
0.77%Mexico
88%
1.03%France
85%
13.1%Spain
85%
4.85%Argentina
64%
1.11%Egypt
58%
0.79%Chile
56%
2.21%Netherlands
38%
0.83%United Arab Emirates
14%

Score Distribution

Percentile by Number Answered

Percent of People with Each Score

Your Score History

You have not taken this quiz